|
|
|
|
| LEADER |
00000nab#a22000007a#4500 |
| 001 |
arbauad037976 |
| 003 |
AR-BaUAD |
| 005 |
20250711112959.0 |
| 008 |
990707|||||||||###||||||b###|0###a|spa|| |
| 040 |
|
|
|a AR-BaUAD
|c AR-BaUAD
|b spa
|
| 100 |
|
|
|a Pasquali, Michela
|
| 245 |
|
|
|a Giardini di scena /
|c Michela Pasquali;
|
| 300 |
0 |
|
|b il.
|
| 500 |
|
|
|a Pinturas de jardines.
|
| 653 |
|
|
|a PINTURAS
|
| 653 |
|
|
|a JARDINES
|
| 773 |
0 |
|
|t VILLE GIARDINI
|g no. 319 [nov. 1996], p. 43-47
|
| 942 |
|
|
|c ARTI
|
| 952 |
|
|
|0 0
|1 0
|4 0
|7 0
|9 82895
|a AR-BAuAD
|b AR-BAuAD
|d 2025-07-11
|l 0
|p AAQA037976
|r 2025-07-11 11:29:59
|w 2025-07-11
|y ARTI
|
| 990 |
|
|
|a P199
|b TD
|
| 998 |
|
|
|a AAQ
|b BIBUN76
|
| 999 |
|
|
|c 62568
|d 62568
|